A difficult balancing act (Record no. 77748)

MARC details
000 -LEADER
fixed length control field 00827cab a2200193 4500
001 - CONTROL NUMBER
control field ##L135009
008 - FIXED-LENGTH DATA ELEMENTS--GENERAL INFORMATION
fixed length control field 060918n2006 000 0 eng u
035 ## - SYSTEM CONTROL NUMBER
System control number (Sirsi) u135009
041 0# - LANGUAGE CODE
Language code of text/sound track or separate title eng
100 1# - MAIN ENTRY--PERSONAL NAME
Personal name Atkinson, Daniel
245 02 - TITLE STATEMENT
Title A difficult balancing act
260 ## - PUBLICATION, DISTRIBUTION, ETC.
Date of publication, distribution, etc. 2006
490 #0 - SERIES STATEMENT
Series statement Construction News
Volume/sequential designation (6984) 14 September 2006, 40(1)
520 ## - SUMMARY, ETC.
Summary, etc. Examines the issue of set-off, in which a cross-claim is used as a way of responding to a claim. Stresses the importance of distinguishing between transaction set-off and independent set-off, since independent set-off is not a defence to a claim. Discusses case law in relation to set-off.
590 ## - LOCAL NOTE (RLIN)
Local note IKA190906
651 #4 - SUBJECT ADDED ENTRY--GEOGRAPHIC NAME
Geographic name England and Wales
Chronological subdivision 1543-
690 ## - LOCAL SUBJECT ADDED ENTRY--TOPICAL TERM (OCLC, RLIN)
Topical term or geographic name as entry element BUILT ENVIRONMENT-CONSTRUCTION MANAGEMENT-BUILDING CONTRACT ADMINISTRATION
942 ## - ADDED ENTRY ELEMENTS (KOHA)
Suppress in OPAC 0
Holdings
Withdrawn status Lost status Source of classification or shelving scheme Damaged status Not for loan Home library Current library Shelving location Date acquired Total Checkouts Full call number Barcode Date last seen Copy number Price effective from Koha item type
    Dewey Decimal Classification     London London Journal article 18/09/2006   L135009 135009-1001 06/08/2019 1 06/08/2019 Journal article